José Asunción Silva y el modernismo
Gorde:
| Egile nagusia: | |
|---|---|
| Formatua: | Ezezaguna |
| Argitaratua: |
Colombia:
Universidad de Medellín,
|
| Gaiak: | |
| Etiketak: |
Etiketa erantsi
Etiketarik gabe, Izan zaitez lehena erregistro honi etiketa jartzen!
|
MARC
| LEADER | 000000000a22000000004500 | ||
|---|---|---|---|
| 001 | 000109 | ||
| 022 | |a 0864-0475 | ||
| 100 | 1 | |a Arango Jaramillo, Daniel | |
| 245 | 1 | 0 | |a José Asunción Silva y el modernismo |
| 260 | |a Colombia: |b Universidad de Medellín, | ||
| 310 | |a mensual | ||
| 650 | 4 | |a SILVA, JOSE ASUNCION | |
| 650 | 4 | |a LITERATURA COLOMBIANA | |
| 650 | 4 | |a POESIA | |
| 650 | 4 | |a MODERNISMO | |
| 650 | 4 | |a SIMBOLISMO | |
| 773 | 0 | |t Con-Textos: Revista de Semiótica Literaria | |
| 773 | 0 | |g 3 | |
| 773 | 0 | |g 18 | |
| 773 | 0 | |g 1996 | |
| 773 | 0 | |g 15-28 | |
| 999 | |c 877 |d 877 | ||
